| 000 | 00707nam a2200157 a 4500 | ||
|---|---|---|---|
| 008 | 121204s1997 ||||||||||||||||| || u | ||
| 050 | _aPAPERS/STAFF | ||
| 100 | _aSiziya, Seter | ||
| 245 | 1 | 0 |
_aComparison of protection afforded by single Measles vaccination and late revaccination schedules _cby Seter Siziya; [and others] |
| 260 |
_aLusaka: _bUniversity of Zambia, School of Medicine _c1997 |
||
| 300 | _ap.777-p.779.: ill. | ||
| 490 | _aEast Africa Medical Journal. Vol.74.No.12 | ||
| 500 | _aBibliography | ||
| 650 | _aMEASLES VACCINATION--ZIMBABWE | ||
| 995 |
_aSPECIAL COLLECTIONS _e304 _FCBU-SCHOOL OF MEDICINE LIBRARY (Ndola) _jPAPERS/STAFF/SIZIYA _M1 _UAVAILABLE _WDec 4, 2012 _yB304 _ZZambiana Collection |
||
| 999 |
_c31105 _d31105 |
||